000 00379nam a2200145Ia 4500
003 GCL
008 140319s9999 xx 000 0 ara d
040 _aGCL /
_cGCL
082 0 4 _a920.71
_bن ع
100 1 _aنجاة فخرى مرسى
245 1 0 _aعباقرة من التاريخ /
_cنجاة فخرى مرسى
700 1 _aانيس مرسى
300 _a225 ص
490 _a
999 _c44303
_d44303